|
|
|
|
| LEADER |
03213nam a22005415i 4500 |
| 001 |
978-3-540-32006-7 |
| 003 |
DE-He213 |
| 005 |
20170119111310.0 |
| 007 |
cr nn 008mamaa |
| 008 |
100709s2005 gw | s |||| 0|eng d |
| 020 |
|
|
|a 9783540320067
|9 978-3-540-32006-7
|
| 024 |
7 |
|
|a 10.1007/b135676
|2 doi
|
| 040 |
|
|
|d GrThAP
|
| 050 |
|
4 |
|a QA76.758
|
| 072 |
|
7 |
|a UMZ
|2 bicssc
|
| 072 |
|
7 |
|a COM051230
|2 bisacsh
|
| 082 |
0 |
4 |
|a 005.1
|2 23
|
| 245 |
1 |
0 |
|a Coordination Models and Languages
|h [electronic resource] :
|b 7th International Conference, COORDINATION 2005, Namur, Belgium, April 20-23, 2005. Proceedings /
|c edited by Jean-Marie Jacquet, Gian Pietro Picco.
|
| 264 |
|
1 |
|a Berlin, Heidelberg :
|b Springer Berlin Heidelberg :
|b Imprint: Springer,
|c 2005.
|
| 300 |
|
|
|a X, 299 p.
|b online resource.
|
| 336 |
|
|
|a text
|b txt
|2 rdacontent
|
| 337 |
|
|
|a computer
|b c
|2 rdamedia
|
| 338 |
|
|
|a online resource
|b cr
|2 rdacarrier
|
| 347 |
|
|
|a text file
|b PDF
|2 rda
|
| 490 |
1 |
|
|a Lecture Notes in Computer Science,
|x 0302-9743 ;
|v 3454
|
| 505 |
0 |
|
|a A Case Study of Web Services Orchestration -- A Correct Abstract Machine for Safe Ambients -- A Process Calculus for QoS-Aware Applications -- Abstract Interpretation-Based Verification of Non-functional Requirements -- Coordination Systems in Role-Based Adaptive Software -- Coordination with Multicapabilities -- Delegation Modeling with Paradigm -- Dynamically Adapting Tuple Replication for Managing Availability in a Shared Data Space -- Enforcing Distributed Information Flow Policies Architecturally: The SAID Approach -- Experience Using a Coordination-Based Architecture for Adaptive Web Content Provision -- Global Computing in a Dynamic Network of Tuple Spaces -- Mobile Agent Based Fault-Tolerance Support for the Reliable Mobile Computing Systems -- Preserving Architectural Properties in Multithreaded Code Generation -- Prioritized and Parallel Reactions in Shared Data Space Coordination Languages -- Synchronized Hyperedge Replacement for Heterogeneous Systems -- Synthesis of Reo Circuits for Implementation of Component-Connector Automata Specifications -- Tagged Sets: A Secure and Transparent Coordination Medium -- Time-Aware Coordination in ReSpecT -- Transactional Aspects in Semantic Based Discovery of Services.
|
| 650 |
|
0 |
|a Computer science.
|
| 650 |
|
0 |
|a Computer communication systems.
|
| 650 |
|
0 |
|a Computer programming.
|
| 650 |
|
0 |
|a Software engineering.
|
| 650 |
|
0 |
|a Computers.
|
| 650 |
|
0 |
|a Artificial intelligence.
|
| 650 |
1 |
4 |
|a Computer Science.
|
| 650 |
2 |
4 |
|a Software Engineering.
|
| 650 |
2 |
4 |
|a Computer Communication Networks.
|
| 650 |
2 |
4 |
|a Programming Techniques.
|
| 650 |
2 |
4 |
|a Computation by Abstract Devices.
|
| 650 |
2 |
4 |
|a Artificial Intelligence (incl. Robotics).
|
| 700 |
1 |
|
|a Jacquet, Jean-Marie.
|e editor.
|
| 700 |
1 |
|
|a Picco, Gian Pietro.
|e editor.
|
| 710 |
2 |
|
|a SpringerLink (Online service)
|
| 773 |
0 |
|
|t Springer eBooks
|
| 776 |
0 |
8 |
|i Printed edition:
|z 9783540256304
|
| 830 |
|
0 |
|a Lecture Notes in Computer Science,
|x 0302-9743 ;
|v 3454
|
| 856 |
4 |
0 |
|u http://dx.doi.org/10.1007/b135676
|z Full Text via HEAL-Link
|
| 912 |
|
|
|a ZDB-2-SCS
|
| 912 |
|
|
|a ZDB-2-LNC
|
| 950 |
|
|
|a Computer Science (Springer-11645)
|